Костянтинівська Корчма. Загальна характеристика (Запис № 576080)

МАРК-запис
000 -Лідер
fixed length control field 00692naa a22002057a 4500
001 - Контрольний номер
control field 2162214035924844
003 - Ідентифікатор контрольного номера
control field UA-OsUOA
005 - Дата та час останнього входження (трансакції)
control field 20240404095907.0
008 - Елементи даних фіксованої довжини – загальна інформація
fixed length control field 240404b un ||||| |||| 00| 0 ukr d
040 ## - Джерело каталогізації
Агенція оригінальної каталогізації UA-OsUOA
Мова каталогізації ukr
Агенція, яка здійснювала перезапис UA-OsUOA
Агенція, яка здійснювала модифікацію UA-OsUOA
041 ## - Код мови
Код мови тексту/ звукової доріжки чи окремого заголовка (П) ukr
080 ## - Індекс Універсальної десяткової класифікації
Індекс Універсальної десяткової класифікації (УДК) (НП) 908
090 ## - Локальний шифр розміщення
Класифікаційний індекс УДК 908
100 ## - Основне введення – ім’я особи
Ім’я особи (НП) Ліщук Д.
9 (RLIN) 2270
245 ## - Відомості про назву
Назва (НП) Костянтинівська Корчма. Загальна характеристика
Дані про відповідальність (НП) Дмитро Ліщук
300 ## - Фізичний опис
Обсяг С. 28–29
650 ## - Додаткове предметне введення – тематичний термін
Джерело заголовка чи терміна UDC
773 0# - Введення хост-одиниці (П)
Бібліонома 573670
Host Itemnumber 468383
Заголовок основного введення Ліщук Д.
Місце, видавець та дата видання (НП) Чернівці Яворський С. Н. 2021
Інший ідентифікатор одиниці опису 165429
Назва (НП) Костянтинівська Корчма
942 ## - Додаткові елементи входу (Коха)
Source of classification or shelving scheme Universal Decimal Classification
Тип елемента Koha Складова частина документа

Немає доступних примірників.